Islam majority countries - sudden death - Statistics

General Stats
  • This quiz has been taken 60 times
    12 since last reset
  • The average score is 8 of 10
Answers on the Grid
Answers color-coded by a green-red scale on the quiz's grid according to % correct below.
Bangladesh
India
Iraq
Uae
Malawi
Algeria
Libya
Croatia
Bosnia
And
Herzegovina
Moldova
Lebanon
Seychelles
Syria
Qatar
Uk
Turkey
 
Answer Stats
Answer % Correct
Bangladesh
89%
Iraq
89%
Lebanon
89%
Qatar
89%
Syria
89%
Uae
89%
Algeria
78%
Bosnia
And
Herzegovina
78%
Libya
78%
Turkey
67%
No matching quizzes found
Score Distribution
Percent of People with Each Score
Percentile by Number Answered
Your Score History
You have not taken this quiz since the last reset